00625cam a2200205u 450000100060000000300080000600500170001400800390003103500190007004000330008904100080012205100360013008200230016610000340018924500630022326000440028630000340033050400200036460000350038428162BD-RjUL20211209051239.0140329s1954 nyuc 001 0beng a(BD-RjUL)28243 aDLCcCarPdDLCdBD-RjULbeng aeng aE332b.D6 Copy 3cAnother copy. a917.8042bPAH 19541 aDos Passos, John.d1896-1970.14aThe head and heart of Thomas Jefferson /cJohn Dos Passos. aGarden City, N.Y. :bDoubleday,cc1954. avi, 442 p. :bport. ;c22 cm. aIncludes Index.10aJefferson, Thomas,d1743-1826.